000 00721nam a2200229 i 4500
001 bg
100 1 _aDZIECH, Wiera
245 0 _aPodstawy telekomunikacji :
_bćwiczenia z wykorzystaniem programu MATHCAD /
_cWiera Dziech.
260 _aKielce :
_bWydaw. PŚ,
_c2005.
300 _a68 s. :
_bwykr. ;
_c24 cm.
490 1 _aSkrypt / [Politechnika Świętokrzyska],
_x0239-6386 ;
_vnr 411
504 _aBibliogr.
650 9 _aTelekomunikacja
650 9 _aMathcad
_xstosowanie
655 _aPodręczniki akademickie
830 0 _aSkrypt ([Politechnika Świętokrzyska]) ;
_vnr 411
040 _cBPK
041 0 _apol
080 _a621.391(075.8):004.42
942 _cKS
008 s pl f |000 0 pol
999 _c45875
_d45875
856 _uhttp://koha.tu.koszalin.pl/cgi-bin/koha/opac-detail.pl?biblionumber=45875
_yKatalog online BPK